Effeiciency of srey khmer targte grpup's particip ation in malia distcit, banteay meanchey province,(ប្រសិទ្ធិភាពចូលរួមរបស់អង្គការស្រែខ្មែ ក្នុងស្រុកម៉ាឡៃ ខែត្តមន្ទាយមានជ័យ). (Record no. 759)
[ view plain ]
| 000 -LEADER | |
|---|---|
| fixed length control field | 00675nam a22001577a 4500 |
| 003 - CONTROL NUMBER IDENTIFIER | |
| control field | OSt |
| 005 - DATE AND TIME OF LATEST TRANSACTION | |
| control field | 20150918162210.0 |
| 008 - FIXED-LENGTH DATA ELEMENTS--GENERAL INFORMATION | |
| fixed length control field | 150918b xxu||||| |||| 00| 0 eng d |
| 040 ## - CATALOGING SOURCE | |
| Transcribing agency | RUA |
| 082 ## - DEWEY DECIMAL CLASSIFICATION NUMBER | |
| Classification number | AGR VOE 2006 BO33 Or.1 |
| 100 ## - MAIN ENTRY--PERSONAL NAME | |
| 9 (RLIN) | 791 |
| Personal name | VOEU, PISIDH |
| 245 ## - TITLE STATEMENT | |
| Title | Effeiciency of srey khmer targte grpup's particip ation in malia distcit, banteay meanchey province,(ប្រសិទ្ធិភាពចូលរួមរបស់អង្គការស្រែខ្មែ ក្នុងស្រុកម៉ាឡៃ ខែត្តមន្ទាយមានជ័យ). |
| 260 ## - PUBLICATION, DISTRIBUTION, ETC. (IMPRINT) | |
| Place of publication, distribution, etc. | phnom phen |
| Name of publisher, distributor, etc. | RUA |
| Date of publication, distribution, etc. | 2006 |
| 300 ## - PHYSICAL DESCRIPTION | |
| Extent | XIII.38Pp. |
| Other physical details | ill. |
| Dimensions | 29cmm. |
| 942 ## - ADDED ENTRY ELEMENTS (KOHA) | |
| Source of classification or shelving scheme | |
| Koha item type | AGR |
| Price effective from | Date last seen | Permanent Location | Not for loan | Date acquired | Source of classification or shelving scheme | Koha item type | Barcode | Lost status | Damaged status | Shelving location | Withdrawn status | Current Location | Full call number |
|---|---|---|---|---|---|---|---|---|---|---|---|---|---|
| 2015-09-18 | 2015-09-18 | Library Block B | 2015-09-18 | AGR | RUA002716 | B033 | Library Block B | AGR VOE 2006 BO33 Or.1 | |||||
| 2015-09-18 | 2015-09-18 | Library Block B | 2015-09-18 | AGR | RUA002909 | B033 | Library Block B | AGR VOE 2006 BO33 Or.2 | |||||
| 2015-09-18 | 2015-09-18 | Library Block B | 2015-09-18 | AGR | RUA002834 | B033 | Library Block B | AGR VOE 2006 BO33 Or.3 | |||||
| 2015-09-18 | 2015-09-18 | Library Block B | 2015-09-18 | AGR | RUA002841 | B033 | Library Block B | AGR VOE 2006 BO33 Or4 | |||||
| 2015-09-18 | 2015-09-18 | Library Block B | 2015-09-18 | AGR | RUA002625 | B033 | Library Block B | AGR VOE 2006 BO33 Or.5 | |||||
| 2015-09-18 | 2015-09-18 | Library Block B | 2015-09-18 | AGR | RUA002553 | B033 | Library Block B | AGR VOE 2006 BO33 Or.6 |